000 00617cam a2200181 a 4500
001 000001182
005 20200929145511.0
008 770627s1930 enka b 001 0 eng
040 _aDO-SdBNP
_bspa
_cBNPHU
082 _ann
_bP857t
100 1 _aPostgate, Raymond,
_d1896-1971.
_94027
245 1 0 _aThat devil Wilkes /
_cRaymond Postgate.
260 _aLondon, Inglaterra :
_bConstable & co,
_c1930.
300 _a288 p. :
_bil. ;
_c23 cm.
504 _a"Fuentes para la vida de John Wilkes": p. 273-275.
600 1 0 _aWilkes, John,
_d1725-1797.
_94028
651 0 _aGreat Britain
_xPolitics And Government
_y1760-1789.
_94029
999 _c1134
_d1134